| 000 | 00740nam a22002057a 4500 | ||
|---|---|---|---|
| 003 | OSt | ||
| 005 | 20260116020138.0 | ||
| 008 | 260116b |||||||| |||| 00| 0 eng d | ||
| 020 | _a0-07-231888-0 | ||
| 040 |
_aDWC-Main lib _cOC |
||
| 082 |
_28th edition _aCirc. 579.078 B474 2002 |
||
| 100 | _aBenson, H. | ||
| 245 |
_aMicrobiological applications : _blaboratory manual in general microbiology 8th ed. _cBenson, Harold J. |
||
| 250 | _a8th edition | ||
| 260 |
_aNew York : _b McGraw-Hill Co., Inc., _c c2002 |
||
| 300 |
_avii, 478 pages : _c 27 cm. |
||
| 504 | _aIncludes index. | ||
| 650 | _2Microbiology - laboratory manuals. | ||
| 942 |
_2ddc _cBK-CIRC _e8th edition _hCirc. 579.078 B474 2002 _kCirc. _n0 |
||
| 999 |
_c7466 _d7466 |
||